• 首页
  • 本馆介绍
  • 公告通知
  • 最新文献
  • 馆藏检索
  • 电子资源
  • 读者导购
  • 参考咨询
  • 我的图书馆
  • 登录
  • 详细信息显示
  • 放入我的书架
  • 预约/预借图书
  • 作者相关作品
  • 分类相关作品
  • 丛书相关作品
  • 出版社相关作品

书目信息

  • 表格格式
  • 工作单格式
  • 卡片格式
题名:
承德
    
 
作者: 杨晓凯 编著
分册:  
出版信息: 北京   中国旅游出版社  1997.10
页数: 63页
开本: 32开
丛书名: 自助旅游手册
单 册:
中图分类: K928.922
科图分类:
主题词: 地理
电子资源:
ISBN: 7-5032-1257-8
000 00615nam0 2200229 45
001 0205280860
005 20031219104056.0
010    @a7-5032-1257-8@dCNY6.00
100    @a20020528d1997 km y0chiy0120 ea
101 0  @achi
105    @aa z 000yy
200 1  @a承德@ACheng De@f杨晓凯编著@FYangXiao Kai Bian Zhu
210    @a北京@c中国旅游出版社@d1997.10
215    @a63页@c插图@d32开
225    @a自助旅游手册
410    @12001 @a自助旅游手册
606 0  @a地理
607    @a承德@x概况
690    @aK928.922@v4
701    @a杨晓凯@4编著
801    @aCN@bTSTC@c20020528
905    @b310863-867@dK928.922@e236@f5
    
    承德/杨晓凯编著.-北京:中国旅游出版社,1997.10
    63页:插图;32开.-(自助旅游手册)
    
    
    ISBN 7-5032-1257-8:CNY6.00
    
●
相关链接 在E读中查询图书 在五车中查询图书 在当当中查询图书 在豆瓣中查询图书


正题名:承德     索取号:K928.922/236         预约/预借

序号 登录号 条形码 馆藏地/架位号 状态 备注
1 0310863   203108635   第二借阅区/ [索取号:K928.922/236] 在馆    
2 0310864   203108644   第二借阅区/ [索取号:K928.922/236] 在馆    
3 0310865   203108653   第二借阅区/ [索取号:K928.922/236] 在馆    
4 0310866   203108662   第二借阅区/ [索取号:K928.922/236] 在馆    
5 0310867   203108671   第二样本阅览室/ [索取号:K928.922/236] 在馆    
欢迎您!
大连网信软件有限公司© 版权所有